| 000 | 00346cam a22001217a 4500 | ||
|---|---|---|---|
| 008 | 180718b1976 xxu||||| |||| 00| 0 eng d | ||
| 082 | _aT000 Ur3 | ||
| 100 | _aUri, Pierre | ||
| 245 |
_aDevelopment without dependence _cby Pierre Uri |
||
| 260 |
_aNew York _bPraeger _c1976 |
||
| 300 | _a166p. | ||
| 650 | _aEconomic development - Underdeveloped Areas | ||
| 999 |
_c355805 _d355805 |
||